000 00552nam a22001697a 4500
003 MACL
005 20160726154205.0
008 160726b xxu||||| |||| 00| 0 eng d
040 _cMACL
041 _aHindi
082 _a891.433 KOH
100 _aकोहली, नरेन्‍द्र
_944378
245 _aसैरंध्री
_cनरेन्‍द्र कोहली
260 _aनई दिल्‍ली
_bमहावीर प्रकाशन
_c2010
650 _aउपन्‍यास
_965404
942 _2ddc
_cHIN
999 _c55044
_d55044